<?xml version="1.0" encoding="UTF-8"?>
<record
    xmlns:xsi="http://www.w3.org/2001/XMLSchema-instance"
    xsi:schemaLocation="http://www.loc.gov/MARC21/slim http://www.loc.gov/standards/marcxml/schema/MARC21slim.xsd"
    xmlns="http://www.loc.gov/MARC21/slim">

  <leader>01400cam a2200313 a 4500</leader>
  <controlfield tag="001">1622128</controlfield>
  <controlfield tag="005">20220326193345.0</controlfield>
  <controlfield tag="008">940121s1993    ag a     b    000 0dspa d</controlfield>
  <datafield tag="010" ind1=" " ind2=" ">
    <subfield code="a">   95135974 </subfield>
  </datafield>
  <datafield tag="020" ind1=" " ind2=" ">
    <subfield code="a">9509536164</subfield>
  </datafield>
  <datafield tag="035" ind1=" " ind2=" ">
    <subfield code="a">(OCoLC)29664420 </subfield>
  </datafield>
  <datafield tag="040" ind1=" " ind2=" ">
    <subfield code="a">NRNC</subfield>
    <subfield code="c">NRNC</subfield>
    <subfield code="d">CU-S</subfield>
    <subfield code="d">DLC</subfield>
  </datafield>
  <datafield tag="041" ind1="0" ind2=" ">
    <subfield code="a">spaeng</subfield>
  </datafield>
  <datafield tag="042" ind1=" " ind2=" ">
    <subfield code="a">lccopycat</subfield>
  </datafield>
  <datafield tag="082" ind1="0" ind2="0">
    <subfield code="a">779.209.2</subfield>
    <subfield code="b">P171l</subfield>
  </datafield>
  <datafield tag="100" ind1="2" ind2=" ">
    <subfield code="a">Gonz&#xE1;lez Palma, Luis,</subfield>
    <subfield code="d">1957-</subfield>
    <subfield code="9">4898</subfield>
  </datafield>
  <datafield tag="245" ind1="1" ind2="0">
    <subfield code="a">Luis Gonz&#xE1;lez Palma /</subfield>
    <subfield code="c">introducci&#xF3;n, Mar&#xED;a Christina Orive ; [edici&#xF3;n de Sara Facio].</subfield>
  </datafield>
  <datafield tag="260" ind1=" " ind2=" ">
    <subfield code="a">Buenos Aires :</subfield>
    <subfield code="b">Azotea Editorial Fotogr&#xE1;fica,</subfield>
    <subfield code="c">c1993.</subfield>
  </datafield>
  <datafield tag="300" ind1=" " ind2=" ">
    <subfield code="a">82 p. :</subfield>
    <subfield code="b">chiefly ill. (some col.) ;</subfield>
    <subfield code="c">23 x 25 cm.</subfield>
  </datafield>
  <datafield tag="490" ind1="0" ind2=" ">
    <subfield code="a">Colecci&#xF3;n del sol</subfield>
  </datafield>
  <datafield tag="504" ind1=" " ind2=" ">
    <subfield code="a">Includes bibliographical references (p. 76-77).</subfield>
  </datafield>
  <datafield tag="520" ind1="1" ind2=" ">
    <subfield code="a">"First book from Azotea Editorial Fotogr&#xE1;fica introduces work of Gonz&#xE1;lez Palma in a bilingual edition. Orive presents the art of this Guatemalan architect and artist, whose  work is focused on installations using photographic images and collages"--Handbook of Latin American Studies, v. 58.</subfield>
    <subfield code="u">http://www.loc.gov/hlas/</subfield>
  </datafield>
  <datafield tag="546" ind1=" " ind2=" ">
    <subfield code="a">Spanish and English.</subfield>
  </datafield>
  <datafield tag="600" ind1="2" ind2="0">
    <subfield code="a">Gonz&#xE1;lez Palma, Luis,</subfield>
    <subfield code="d">1957-</subfield>
    <subfield code="9">4899</subfield>
  </datafield>
  <datafield tag="650" ind1=" " ind2="0">
    <subfield code="a">Photography, Artistic.</subfield>
    <subfield code="9">2823</subfield>
  </datafield>
  <datafield tag="700" ind1="1" ind2=" ">
    <subfield code="a">Facio, Sara.</subfield>
    <subfield code="9">4900</subfield>
  </datafield>
  <datafield tag="906" ind1=" " ind2=" ">
    <subfield code="a">7</subfield>
    <subfield code="b">cbc</subfield>
    <subfield code="c">copycat</subfield>
    <subfield code="d">2</subfield>
    <subfield code="e">ncip</subfield>
    <subfield code="f">19</subfield>
    <subfield code="g">y-gencatlg</subfield>
  </datafield>
  <datafield tag="999" ind1=" " ind2=" ">
    <subfield code="c">889</subfield>
    <subfield code="d">889</subfield>
  </datafield>
  <datafield tag="952" ind1=" " ind2=" ">
    <subfield code="0">0</subfield>
    <subfield code="1">0</subfield>
    <subfield code="2">ddc</subfield>
    <subfield code="4">0</subfield>
    <subfield code="7">0</subfield>
    <subfield code="a">LV</subfield>
    <subfield code="b">LV</subfield>
    <subfield code="c">Monograf&#xED;as</subfield>
    <subfield code="d">2016-04-22</subfield>
    <subfield code="l">0</subfield>
    <subfield code="o">779.209.2 P171l</subfield>
    <subfield code="p">000798</subfield>
    <subfield code="r">2016-04-22 00:00:00</subfield>
    <subfield code="w">2016-04-22</subfield>
    <subfield code="y">01</subfield>
  </datafield>
</record>
